000 00329nam a22001457a 4500
008 230330b ||||| |||| 00| 0 eng d
020 _a9780673991903
041 _aeng
080 _a611.85
082 _a611.85STE
100 _a15
101 _aHISTOLOGY
245 _aA COLOR ATLAS OF HISTOLOGY
_cSTRETE.D
942 _2udc
_cBK
999 _c59483
_d59483